00282nam a2200097 a 450000500170000000800410001705000180005810000200007624500510009626000370014720140414131904.0100922s19uu xx 00 eng d aFICbM11 2002 aMcCombie, Karen aAngels, arguments and a furry merry christmas. aNew York :bScholastic ,c2002.